Известия Академии наук СССР. Серия химическая: научный журнал

ग्रंथसूची विवरण
नया शीर्षक:Известия Российской академии наук. Серия химическая
निगमित लेखक: Академия наук СССР (АН СССР)
भाषा:रूसी
प्रकाशित: Москва, Наука, 1936-1991
विषय:
स्वरूप: सामयिक पत्रिका
KOHA link:https://koha.lib.tpu.ru/cgi-bin/koha/opac-detail.pl?biblionumber=379979

MARC

LEADER 00000nas1a2200000 4500
001 379979
005 20231101062635.0
011 |a 0002-3353 
035 |a (RuTPU)RU\TPU\prd\515 
035 |a PERI00000515 
090 |a 379979 
100 |a 20011210a19361991k y0rusy50 ca 
101 0 |a rus 
102 |a RU 
110 |a afaz|||0uu0 
200 1 |a Известия Академии наук СССР. Серия химическая  |e научный журнал  |f Академия наук СССР (АН СССР) 
210 |a Москва  |c Наука  |d 1936-1991 
305 |a Издается с 1936 г. 
326 |a 12 номеров в год 
440 1 |0 (RuTPU)RU\TPU\prd\1706  |x 0002-3353  |t Известия Российской академии наук. Серия химическая  |o научный журнал  |f Российская академия наук (РАН), Институт органической химии им. Н. Д. Зелинского (ИОХ) ; Отделение химии и наук о материалах  |c М.  |n Изд-во РАН  |d 1992- 
610 1 |a химия 
610 1 |a органическая химия 
610 1 |a физическая химия 
610 1 |a общая химия 
610 1 |a неорганическая химия 
675 |a 54  |v 3 
712 0 2 |a Академия наук СССР (АН СССР)  |2 stltpush  |3 (RuTPU)RU\TPU\col\722 
801 0 |a RU  |b 63413507  |c 20011210  |g PSBO 
801 2 |a RU  |b 63413507  |c 20140827  |g PSBO 
942 |c CR